Fundamentos del lenguaje / (Registro nro. 2024)
[ vista simple ]
| 000 -CABECERA | |
|---|---|
| campo de control de longitud fija | 00879nam a2200253Ia 4500 |
| 003 - IDENTIFICADOR DEL NÚMERO DE CONTROL | |
| campo de control | AR-RoIUNI |
| 005 - FECHA Y HORA DE LA ÚLTIMA TRANSACCIÓN | |
| campo de control | 20210322125337.0 |
| 007 - CAMPO FIJO DE DESCRIPCIÓN FÍSICA--INFORMACIÓN GENERAL | |
| campo de control de longitud fija | ta |
| 008 - DATOS DE LONGITUD FIJA--INFORMACIÓN GENERAL | |
| campo de control de longitud fija | 150616s1980 sp r 000 0 spa d |
| 040 ## - FUENTE DE LA CATALOGACIÓN | |
| Centro/agencia transcriptor | AR-RoIUNI |
| Lengua de catalogación | spa |
| Normas de descripción | aarc2 |
| 080 ## - NÚMERO DE LA CLASIFICACIÓN DECIMAL UNIVERSAL | |
| Número de la Clasificación Decimal Universal | 80 |
| 100 1# - ENTRADA PRINCIPAL--NOMBRE DE PERSONA | |
| Nombre de persona | Jakobson, Roman, |
| Fechas asociadas al nombre | 1896-1982. |
| 245 10 - MENCIÓN DE TÍTULO | |
| Título | Fundamentos del lenguaje / |
| Mención de responsabilidad, etc. | Roman Jakobson, Morris Halle. |
| 250 ## - MENCIÓN DE EDICIÓN | |
| Mención de edición | 3a ed. |
| 260 ## - PUBLICACIÓN, DISTRIBUCIÓN, ETC. (PIE DE IMPRENTA) | |
| Lugar de publicación, distribución, etc. | Madrid : |
| Nombre del editor, distribuidor, etc. | Ayuso : |
| -- | Pluma, |
| Fecha de publicación, distribución, etc. | 1980. |
| 300 ## - DESCRIPCIÓN FÍSICA | |
| Extensión | 150 p., 3 h. ; |
| Dimensiones | 21 cm |
| 500 ## - NOTA GENERAL | |
| Nota general | Traducción de: Fundamentals of language. |
| 505 0# - NOTA DE CONTENIDO CON FORMATO | |
| Nota de contenido con formato | I. El lenguaje. al nivel de sus rasgos distintivos -- II. Las diversas clases de rasgos y su estudio lingüístico -- III. La identificación de los rasgos distintivos -- IV. Los sistemas fonemáticos. |
| 650 #4 - PUNTO DE ACCESO ADICIONAL DE MATERIA--TÉRMINO DE MATERIA | |
| Término de materia o nombre geográfico como elemento inicial | PSICOLOGÍA |
| 9 (RLIN) | 108 |
| 650 #4 - PUNTO DE ACCESO ADICIONAL DE MATERIA--TÉRMINO DE MATERIA | |
| Término de materia o nombre geográfico como elemento inicial | LINGÜISTICA |
| 650 #4 - PUNTO DE ACCESO ADICIONAL DE MATERIA--TÉRMINO DE MATERIA | |
| Término de materia o nombre geográfico como elemento inicial | LENGUAJE |
| 700 1# - PUNTO DE ACCESO ADICIONAL--NOMBRE DE PERSONA | |
| Nombre de persona | Halle, Morris. |
| 942 ## - ELEMENTOS DE PUNTO DE ACCESO ADICIONAL (KOHA) | |
| Tipo de ítem Koha | Libros |
| Fuente del sistema de clasificación o colocación | Clasificación Decimal Universal |
| Estado de retiro | Estado de pérdida | Fuente del sistema de clasificación o colocación | Estado dañado | Excepción de préstamo | Código de colección | Localización permanente | Ubicación/localización actual | Ubicación en estantería | Fecha de adquisición | Número de inventario | Total de préstamos | Signatura topográfica completa | Código de barras | Fecha visto por última vez | Fecha del último préstamo | Número de copia | Precio válido a partir de | Tipo de ítem Koha | Fuente de adquisición | Nota pública |
|---|---|---|---|---|---|---|---|---|---|---|---|---|---|---|---|---|---|---|---|---|
| Clasificación Decimal Universal | Psicología | BIBLIOTECA RIOBAMBA | BIBLIOTECA RIOBAMBA | BIBLIOTECA RIOBAMBA | 16/06/2015 | 2025 | 1 | 80 JAK | 2025 | 29/11/2017 | 27/11/2017 | 1 | 16/06/2015 | Libros | ||||||
| Clasificación Decimal Universal | BIBLIOTECA VENADO TUERTO | BIBLIOTECA VENADO TUERTO | BIBLIOTECA VENADO TUERTO | 05/02/2020 | 6744 | 80 JAK | 6744 | 05/02/2020 | 05/02/2020 | Libros | Compra | FOTOCOPIA-VENADO TUERTO |

